[Event "Llinars del Valles op-B 8th"]
[Site "Llinars del Valles"]
[Date "2015.05.30"]
[Round "7"]
[White "Herrera Grande, Placid"]
[Black "Oviedo Jara, Merce Montserrat"]
[Result "1-0"]
[WhiteElo "1679"]
[BlackElo "1673"]
[PlyCount "51"]
[EventDate "2015.04.11"]
[EventType "swiss"]
[EventRounds "9"]
[EventCountry "ESP"]
[SourceTitle "EXT 2016"]
[Source "ChessBase"]
[SourceDate "2015.10.08"]
[SourceVersion "1"]
[SourceVersionDate "2015.10.08"]
[SourceQuality "1"]

1. e4 e5 2. Nf3 Nc6 3. Bc4 Be7 4. 0-0 Nf6 5. d4 d5 6. exd5 Nxd5 7. dxe5 Be6 8. Qe2 Bg4 9. Nbd2 Nf4 10. Qe4 0-0 11. Qxf4 Be6 12. Re1 Nb4 13. Qe4 c6 14. a3 Bxc4 15. Nxc4 Na6 16. Qg4 g6 17. Ng5 Qd5 18. Rd1 h5 19. Qe2 Qb5 20. b3 Bd8 21. e6 Bb6 22. exf7+ Rxf7 23. Nxf7 Qc5 24. Nh6+ Kf8 25. Qf3+ Ke7 26. Qf7# 1-0

[Event "Llinars del Valles op-B 8th"]
[Site "Llinars del Valles"]
[Date "2015.05.02"]
[Round "4"]
[White "Carvajal Rodriguez, Juan"]
[Black "Oviedo Jara, Merce Montserrat"]
[Result "1-0"]
[WhiteElo "1749"]
[BlackElo "1673"]
[PlyCount "63"]
[EventDate "2015.04.11"]
[EventType "swiss"]
[EventRounds "9"]
[EventCountry "ESP"]
[SourceTitle "EXT 2016"]
[Source "ChessBase"]
[SourceDate "2015.10.08"]
[SourceVersion "1"]
[SourceVersionDate "2015.10.08"]
[SourceQuality "1"]

1. e4 e5 2. Bc4 Nc6 3. a3 d6 4. Nc3 Nf6 5. h3 a6 6. Nf3 Be7 7. 0-0 0-0 8. d4 Bd7 9. dxe5 dxe5 10. Bg5 Qc8 11. Bxf6 Bxf6 12. Kh2 Rb8 13. a4 Be7 14. Nd5 Be6 15. Rb1 b5 16. axb5 axb5 17. Nxe5 Nxe5 18. Nxe7+ Kh8 19. Nxc8 bxc4 20. Ne7 Rb6 21. f4 Nd7 22. f5 Nc5 23. fxe6 Rxe6 24. Nd5 c6 25. Nc7 Rxe4 26. Rxf7 h6 27. Rxf8+ Kh7 28. Qh5 Ne6 29. Qf5+ g6 30. Qf7+ Ng7 31. Ne6 Rxe6 32. Qg8# 1-0

[Event "Llinars del Valles op-B 8th"]
[Site "Llinars del Valles"]
[Date "2015.04.18"]
[Round "2"]
[White "Alabart Paytubi, Josep"]
[Black "Oviedo Jara, Merce Montserrat"]
[Result "1/2-1/2"]
[WhiteElo "1775"]
[BlackElo "1673"]
[PlyCount "81"]
[EventDate "2015.04.11"]
[EventType "swiss"]
[EventRounds "9"]
[EventCountry "ESP"]
[SourceTitle "EXT 2016"]
[Source "ChessBase"]
[SourceDate "2015.10.08"]
[SourceVersion "1"]
[SourceVersionDate "2015.10.08"]
[SourceQuality "1"]

1. Nf3 Nc6 2. b3 Nf6 3. Bb2 d6 4. g3 e5 5. d3 Nd7 6. Bg2 d5 7. 0-0 Bd6 8. Nbd2 Nf6 9. h3 0-0 10. c3 Qe7 11. e4 Be6 12. Qc2 Bc5 13. exd5 Nxd5 14. d4 exd4 15. cxd4 Bb6 16. Rfe1 Qf6 17. Ne4 Qf5 18. g4 Ndb4 19. Qc3 Nd5 20. Qd2 Qf4 21. Qxf4 Nxf4 22. Bf1 f5 23. gxf5 Bxf5 24. Nfg5 Bxd4 25. Bc4+ Ne6 26. Bxd4 Ncxd4 27. Rad1 Rad8 28. Bxe6+ Bxe6 29. Rxd4 Bf5 30. Rxd8 Rxd8 31. Nd2 h6 32. Ngf3 Bxh3 33. Re7 Rd7 34. Re8+ Kf7 35. Re3 Re7 36. Ne5+ Kf6 37. Rxh3 Rxe5 38. Rf3+ Rf5 39. Ne4+ Ke5 40. Rxf5+ Kxf5 41. Ng3+ 1/2-1/2

[Event "Roncana op-C 8th"]
[Site "Santa Eulalia de Roncana"]
[Date "2014.11.29"]
[Round "7"]
[White "Oviedo Jara, Merce Montserrat"]
[Black "Alfonso Martin, Maria"]
[Result "1-0"]
[WhiteElo "1700"]
[BlackElo "1700"]
[PlyCount "25"]
[EventDate "2014.10.11"]
[EventType "swiss"]
[EventRounds "8"]
[EventCountry "ESP"]
[SourceTitle "EXT 2022"]
[Source "ChessBase"]
[SourceDate "2021.10.06"]
[SourceVersion "1"]
[SourceVersionDate "2021.10.06"]
[SourceQuality "1"]

1. e4 e5 2. Nf3 Nc6 3. Nc3 Nf6 4. Bc4 Be7 5. 0-0 0-0 6. d4 exd4 7. Nxd4 Nxd4 8. Qxd4 d6 9. Bd3 Be6 10. Nd5 Nxd5 11. exd5 Bg4 12. Qe4 Bh5 13. Qxh7# 1-0

[Event "Roncana op-C 8th"]
[Site "Santa Eulalia de Roncana"]
[Date "2014.11.15"]
[Round "5"]
[White "Oviedo Jara, Merce Montserrat"]
[Black "Vallejo Ferreira, Enric"]
[Result "1-0"]
[WhiteElo "1700"]
[BlackElo "1700"]
[PlyCount "60"]
[EventDate "2014.10.11"]
[EventType "swiss"]
[EventRounds "8"]
[EventCountry "ESP"]
[SourceTitle "EXT 2016"]
[Source "ChessBase"]
[SourceDate "2015.10.08"]
[SourceVersion "1"]
[SourceVersionDate "2015.10.08"]
[SourceQuality "1"]

1. e4 e5 2. Nf3 Nc6 3. Nc3 Nf6 4. Bc4 Bc5 5. 0-0 d6 6. d3 Ng4 7. h3 Nf6 8. Ng5 0-0 9. Nf3 Bb4 10. Nd5 Nxd5 11. Bxd5 Bd7 12. a3 Bc5 13. Qe2 Bc8 14. Be3 b6 15. b4 Bxe3 16. Qxe3 Bd7 17. Qg5 Qxg5 18. Nxg5 Nd4 19. Bxa8 Nxc2 20. Rac1 Nxa3 21. Bd5 Kh8 22. Rxc7 Bb5 23. Nxf7+ Kg8 24. Nxd6+ Kh8 25. Rd1 Nc2 26. Rc1 Nd4 27. Rc8 Be8 28. Nxe8 g6 29. R1c7 Ne2+ 30. Kf1 Nd4 1-0

[Event "Roncana op-C 8th"]
[Site "Santa Eulalia de Roncana"]
[Date "2014.11.08"]
[Round "4"]
[White "Gonzalez Mateo, Gerard"]
[Black "Oviedo Jara, Merce Montserrat"]
[Result "1/2-1/2"]
[WhiteElo "1705"]
[BlackElo "1700"]
[PlyCount "63"]
[EventDate "2014.10.11"]
[EventType "swiss"]
[EventRounds "8"]
[EventCountry "ESP"]
[SourceTitle "EXT 2016"]
[Source "ChessBase"]
[SourceDate "2015.10.08"]
[SourceVersion "1"]
[SourceVersionDate "2015.10.08"]
[SourceQuality "1"]

1. e4 e5 2. Nf3 Nc6 3. Bb5 a6 4. Bxc6 bxc6 5. Nxe5 Qe7 6. d4 Qe6 7. 0-0 Nf6 8. Nc3 Bd6 9. Bf4 0-0 10. Qf3 c5 11. d5 Qe7 12. Qg3 Nh5 13. Qg4 Nxf4 14. Qxf4 Bxe5 15. Qe3 Bd4 16. Qd3 a5 17. Nb5 Bxb2 18. Rab1 c6 19. Nc7 Ba6 20. Nxa6 Be5 21. Qc4 Qd6 22. g3 cxd5 23. exd5 Rxa6 24. f4 Bd4+ 25. Kh1 Qf6 26. Qe2 Qd6 27. c4 a4 28. Rbe1 h6 29. Qe4 a3 30. f5 Ra4 31. Rc1 Bb2 32. Rc2 1/2-1/2

[Event "Roncana op-C 8th"]
[Site "Santa Eulalia de Roncana"]
[Date "2014.11.01"]
[Round "3"]
[White "Oviedo Jara, Merce Montserrat"]
[Black "Espada Espanol, Lledo"]
[Result "1-0"]
[WhiteElo "1700"]
[BlackElo "1700"]
[PlyCount "33"]
[EventDate "2014.10.11"]
[EventType "swiss"]
[EventRounds "8"]
[EventCountry "ESP"]
[SourceTitle "EXT 2016"]
[Source "ChessBase"]
[SourceDate "2015.10.08"]
[SourceVersion "1"]
[SourceVersionDate "2015.10.08"]
[SourceQuality "1"]

1. e4 e5 2. Nf3 Nc6 3. Nc3 Nf6 4. d4 Bb4 5. a3 Bxc3+ 6. bxc3 d5 7. Bb5 0-0 8. Nxe5 Nxe5 9. dxe5 Bg4 10. Be2 Qe8 11. 0-0 dxe4 12. Bf4 b6 13. Bxg4 Nxg4 14. Qxg4 Rc8 15. Rfe1 Qe7 16. Bh6 Rcd8 17. Qxg7# 1-0